banner koha

O espírito da verdade / (Registro n. 8254)

MARC details
000 -LÍDER
campo de controle de tamanho fixo 01357nam a2200265 a 4500
001 - NÚMERO DE CONTROLE
campo de controle BS0003191
003 - IDENTIFICADOR DO NÚMERO DE CONTROLE
campo de controle BR-BrBNA
005 - DATA E HORÁRIO DA ÚLTIMA TRANSAÇÃO
campo de controle 20230418192238.0
008 - CAMPO DE DADOS FIXOS--INFORMAÇÃO GERAL
campo de controle de tamanho fixo 230308b |||||||| |||| 00| 0 por d
040 ## - FONTE DA CATALOGAÇÃO
Instituição da catalogação original BR-BrBNA
Idioma da catalogação por
Instituição que transcreveu o registro Biblioteca Nacional de Agricultura
041 ## - CÓDIGO DE IDIOMA
Código do idioma do texto/trilha sonora ou título diferente por
072 ## - CÓDIGO DE CATEGORIA DE ASSUNTO
Código de Categoria de Assunto B59
090 ## - NÚMERO DE CHAMADA LOCAL
Número de chamada B59 BS0003191
100 1# - ENTRADA PRINCIPAL--NOME PESSOAL
Nome pessoal Bezerra de Menezes et all. (Espíritos)
245 1# - TÍTULO
Título O espírito da verdade /
250 1# - EDIÇÃO
Edição 16. ed.
260 3# - PUBLICAÇÃO, DISTRIBUIÇÃO, ETC.
Local de publicação, distribuição, etc. Rio de Janeio, RJ:
Nome do editor, distribuidor, etc. Federação Espírta Brasileira,
Data da publicação, distribuição, etc. 2006.
300 ## - DESCRIÇÃO FÍSICA
Extensão 240 p.
500 ## - NOTA GERAL
Nota geral Psicografado por francisco Cândido Xavier e Waldo Vieira..<br/>
520 3# - NOTA DE RESUMO, ETC
Resumo, etc. Apresenta 104 mensagens, contendo comentários das lições de O Evangelho segundo o Espiritismo, de onde os benfeitores espirituais extraem admiráveis temas para elaborar textos da mais alta significação como amor, caridade, mediunidade e otimismo. São recados diretos ao coração dos que anseiam pela vigência do Reino de Deus no mundo, retratando a singela beleza das lições de Jesus e da obra de Allan Kardec. Enfatiza o momento aflitivo por que passa a Terra, alertando aos homens para a inadiável necessidade da construção da paz e da renovação íntima através do trabalho do bem.
650 ## - ASSUNTO--TERMO TÓPICO
Cabeçalho tópico ou nome geográfico ESPIRITISMO
650 ## - ASSUNTO--TERMO TÓPICO
Cabeçalho tópico ou nome geográfico LITERATURA ESPÍRITA
909 ## -
-- 202304
-- Sergio Santos
-- 56
-- Sergio Santos
942 ## - ELEMENTOS DE ENTRADA ADICIONADOS (KOHA)
Tipo de material Koha Livros
Exemplares
Situação do descarte Fonte da classificação ou esquema de arquivamento na estante Situação física Não pode ser emprestado Coleção Biblioteca de origem Biblioteca atual Total de empréstimos Número de telefone completo Código de barras Data de último acesso Número do exemplar Tipo de material Koha Situação das perdas Data de aquisição Fonte de aquisição Qualificador de local codificado
  Classificação AGRIS     Acervo Cultural Biblioteca Nacional de Agricultura - Binagri Biblioteca Nacional de Agricultura - Binagri   B59 BS0003191 B59 BS0003191 12/04/2023 01 Livros   2023-04-04 Doação B59

BINAGRI

Telefone: (61)3218-2567/2388/3357/2097 - binagri@agro.gov.br

Ministério da Agricultura e Pecuária , Esplanada dos Ministérios, Bloco D, Anexo B, Brasília/DF, CEP: 70.043-900